00652nam a2200241 a 4500001001300000003000900013005001700022008004100039020001000080082001400090100001900104245002100123260003400144300000900178500003500187505001000222650001800232700001900250902000800269942000700277952010900284999001700393nice12345678IN_TiNIC20260116014939.0050524s1966 newa grp 000 0 eng  ac10000a954bTHA2 aThapar, Romila aHistory of India aNew YorkbPenguin Booksc1966 a381p aincludes index and biblioraphy2 aIndex aIndia-History1 aThapar, Romila bSRS cBK 00104070aHMIbHMId2007-04-03g100.00l4o954 THA2p11000127r2019-02-14s2019-02-13w2026-01-16yEB c17667d17667